| 000 | 00714nam a2200205Ia 4500 | ||
|---|---|---|---|
| 003 | GCL | ||
| 008 | 140319s9999 xx 000 0 ara d | ||
| 020 | _a9319305977 | ||
| 040 |
_aGCL / _cGCL |
||
| 082 | 0 | 4 |
_a891.7 _bا م |
| 100 | 1 | _aامين حسين الرباط | |
| 245 | 1 | 0 |
_aميرهولد ثورة فى المسرح / _cامين حسين الرباط |
| 700 | 1 | _aبرون، ادوارد | |
| 260 |
_aالقاهرة : _bوزارة الثقافة - مهرجان القاهرة الدولى للمسرح التجريبى ، _c2002 |
||
| 300 |
_a511 ص ؛ _c22 سم |
||
| 490 | _a | ||
| 650 | 0 | 4 | _aالمسرحيات - تاريخ ونقد |
| 650 | 0 | 4 | _aالمسرحية الروسية |
| 942 |
_2ddc _cBK |
||
| 999 |
_c33037 _d33037 |
||